Statistics for 100 Biggest Cities in Europe in 1900 with a Map

Click here to take the quiz!

General Stats

  • This quiz has been taken 5,458 times
    (183 since last reset)
  • The average score is 79 of 100

Answers on the Map

Answers color-coded by a green-red scale on the quiz's map according to % correct below.
 

Answer Stats

PopulationCities% Correct
4,53MLondon
99%
1,03MMoscow
99%
1,88MBerlin
98%
227kKristiania
98%
539kMadrid
98%
543kManchester
98%
2,71MParis
98%
462kRome
98%
1,43MSaint Petersburg
98%
530kBarcelona
97%
942kConstantinople
97%
290kDublin
97%
1,67MVienna
97%
756kWarsaw
97%
523kAmsterdam
96%
378kCopenhagen
96%
705kHamburg
96%
356kLisbon
96%
441kLyon
96%
491kMilan
96%
499kMunich
96%
563kNaples
96%
300kStockholm
96%
522kBirmingham
95%
183kBrussels
95%
716kBudapest
95%
761kGlasgow
95%
491kMarseille
95%
309kPalermo
95%
151kVenice
95%
172kPorto
94%
282kRiga
94%
282kBucharest
93%
316kEdinburgh
93%
320kKiev
93%
684kLiverpool
93%
201kPrague
93%
349kBelfast
92%
234kGenoa
92%
319kRotterdam
92%
335kTurin
92%
404kOdessa
91%
145kSeville
91%
281kAntwerp
90%
257kBordeaux
90%
140kDanzig
90%
205kFlorence
90%
163kValencia
89%
372kCologne
88%
289kFrankfurt am Main
87%
396kDresden
86%
215kNewcastle upon Tyne
86%
176kStuttgart
86%
164kCardiff
85%
150kZürich
85%
328kBristol
84%
428kLeeds
84%
206kThe Hague
84%
149kToulouse
84%
162kVilnius
84%
188kKönigsberg
82%
163kBremen
81%
210kLille
81%
235kHanover
80%
152kBologna
79%
198kKharkov
79%
456kLeipzig
78%
261kNuremberg
77%
380kSheffield
77%
213kDüsseldorf
76%
160kGhent
76%
159kLemberg
74%
422kBreslau
73%
142kDortmund
72%
351kLodz
72%
239kNottingham
72%
138kGraz
70%
157kLiège
69%
149kMessina
69%
149kCatania
67%
151kStraßburg
64%
240kKingston upon Hull
62%
188kPortsmouth
61%
161kDundee
59%
210kStettin
59%
211kLeicester
58%
141kMannheim
55%
229kMagdeburg
45%
279kBradford
44%
146kSunderland
44%
206kChemnitz
36%
141kBarmen
35%
146kSaint-Étienne
35%
157kElberfeld
33%
156kHalle
33%
168kBolton
30%
189kCharlottenburg
25%
220kSalford
24%
161kAltona
20%
267kWest Ham
12%

Score Distribution

Percentile by Number Answered

Percent of People with Each Score

Your Score History

You have not taken this quiz since the last reset